00465nam a2200181Ia 450000500170000000800410001702000290005804000190008704100120010608200110011810000200012924500570014926000250020630000100023165000120024170000200025385000100027320231017094807.0140110s9999 xx 000 0 und d a9780007490622cRs.299.00 aLoreto College aEnglish aFbSHE aSheldon, Sidney aAngel of the darkcSidney Sheldon and Tilly Bagshawe aLondonbHarperc2012 a389p. aFiction aBagshawe, Tilly aLCLIB